Story of my life (Record no. 370825)

000 -LEADER
fixed length control field 00403cam a22001457a 4500
008 - FIXED-LENGTH DATA ELEMENTS--GENERAL INFORMATION
fixed length control field 180718b1958 xxu||||| |||| 00| 0 eng d
082 ## - DEWEY DECIMAL CLASSIFICATION NUMBER
Classification number A99 J334
100 ## - MAIN ENTRY--PERSONAL NAME
Personal name Jayakar, M.R.
245 ## - TITLE STATEMENT
Title Story of my life
Statement of responsibility, etc. by M.R. Jayakar
260 ## - PUBLICATION, DISTRIBUTION, ETC.
Place of publication, distribution, etc. Bombay
Name of publisher, distributor, etc. Asia Pub. House
Date of publication, distribution, etc. 1958
300 ## - PHYSICAL DESCRIPTION
Extent 4v.
500 ## - GENERAL NOTE
General note v.1.: 1873-1992, 1958, 627p., Rs.25.00
650 ## - SUBJECT ADDED ENTRY--TOPICAL TERM
Topical term or geographic name entry element India - Politics
650 ## - SUBJECT ADDED ENTRY--TOPICAL TERM
Topical term or geographic name entry element Jayakar, M.R. 1873
Holdings
Withdrawn status Lost status Damaged status Not for loan Permanent Location Current Location Date acquired Full call number Barcode Date last seen Price effective from Koha item type
        Indian Institute of Public Administration Indian Institute of Public Administration 1994-06-07 A99 J334/2 19886 2018-07-21 2018-07-21 Book
        Indian Institute of Public Administration Indian Institute of Public Administration 1994-06-07 A99 J334 11558 2018-07-21 2018-07-21 Book

Powered by Koha